00217nam a2200097Ia 4500008004100000082001200041100001600053245002000069260001800089600001200107241002s9999 xx 000 0 und d a954 PAN aPanday, B.N 2aA Book of India aLondon:c1965 aHistory